Vnútropodnikový manažment výroby zbierka príkladov
Saved in:
| Main Author: | |
|---|---|
| Corporate Author: | |
| Other Authors: | , , , |
| Format: | Book |
| Language: | Slovak |
| Published: |
Bratislava
Vydavateľstvo EKONÓM
2014
|
| Edition: | 1. vyd. |
| Subjects: | |
| Tags: |
No Tags, Be the first to tag this record!
|
MARC
| LEADER | 00000nam$a2200000$$$4500 | ||
|---|---|---|---|
| 001 | 0191315 | ||
| 005 | 20240502073220.7 | ||
| 020 | |a 978-80-225-3849-7 | ||
| 041 | 0 | |a slo | |
| 044 | |a SK | ||
| 245 | 1 | 0 | |a Vnútropodnikový manažment výroby |b zbierka príkladov |c Andrej Dupaľ, Jana Lovíšková, Júlia Rakovská ; recenzenti Juraj Stern, Pavol Záhorák |
| 250 | |a 1. vyd. | ||
| 264 | 1 | |a Bratislava |b Vydavateľstvo EKONÓM |c 2014 | |
| 300 | |a 136 s. [6,90 AH] | ||
| 610 | 2 | 0 | |a riadenie výroby |
| 610 | 2 | 0 | |a riadenie vnútropodnikové |
| 610 | 2 | 0 | |a tok materiálu |
| 610 | 2 | 0 | |a plánovanie výroby |
| 610 | 2 | 0 | |a modely výroby |
| 610 | 2 | 0 | |a optimalizácia zásob |
| 610 | 2 | 0 | |a normatívy |
| 100 | 1 | |a Dupaľ, Andrej | |
| 700 | 1 | |a Lovíšková, Jana | |
| 700 | 1 | |a Rakovská, Júlia, 1972- | |
| 700 | 1 | |a Stern, Juraj | |
| 700 | 1 | |a Záhorák, Pavol | |
| 710 | 2 | |a Ekonomická univerzita v Bratislave. Fakulta podnikového manažmentu | |